=LDR 00000nam 2200000 4500 =001 INLIS000000000052970 =005 20230822091734 =035 ##$$a 0010-0318000197 =007 ta =008 230822###########################0###### =020 ##$$a 978-979-1106-54-2 =082 ##$$a 363.72 =084 ##$$a 363.72 RUS p =100 #$$a Rusono A. =245 1#$$a Pemanfaatan Limbah Rumah Tangga /$c Rusono A. =260 ##$$a Jakarta :$b Sinar Cemerlang Abadi,$c 2008 =300 ##$$a 44 hlm. : $b Ilus ; $c 20 cm =650 #4$$a Limbah Daur Ulang =990 ##$$a 21710055 =990 ##$$a 21710054 =990 ##$$a 21710053 =990 ##$$a 21710052 =990 ##$$a 21710051